DESCRIPTIVE CATALOGUE OF MEDICAL MANUSCRIPTS (Record no. 8660)

MARC details
000 -LEADER
fixed length control field 00322nam a22001337a 4500
003 - CONTROL NUMBER IDENTIFIER
control field SGT
082 ## - DEWEY DECIMAL CLASSIFICATION NUMBER
Classification number 610
Item number D10L
100 ## - MAIN ENTRY--PERSONAL NAME
Personal name LAVEKAR,G.S,ED
245 ## - TITLE STATEMENT
Title DESCRIPTIVE CATALOGUE OF MEDICAL MANUSCRIPTS
260 ## - PUBLICATION, DISTRIBUTION, ETC. (IMPRINT)
Place of publication, distribution, etc DELHI
Name of publisher, distributor, etc MINISTRY OF HEALTH & FAMILY WELFARE.
Year of Publication 2010
300 ## - PAGE DESCRIPTION
No. of Pages 500
650 ## - SUBJECT ADDED ENTRY--TOPICAL TERM
Topical term or geographic name as entry element AYURVEDA
942 ## - ADDED ENTRY ELEMENTS (KOHA)
Source of classification or shelving scheme Dewey Decimal Classification
Koha item type Books
Holdings
Withdrawn status Lost status Source of classification or shelving scheme Damaged status Use restrictions Not for loan Collection code Home library Current library Shelving location Date acquired Vendor Name Cost, normal purchase price Volume Information (Serial or Books or Non-Book Material) SGTU Bill Number Full call number Accession No. (Barcode) Date last seen Bill Date Koha item type
    Dewey Decimal Classification   Restricted Access   AYURVEDA SGT FA-FP Library SGT FA-FP Library Reference Book 30/03/2016 C.C.R.A.S 450.00 1 SGTU 14293 610 D10L FA4650 30/03/2016 13/01/2016 Books
    Dewey Decimal Classification   Restricted Access   AYURVEDA SGT FA-FP Library SGT FA-FP Library Reference Book 30/03/2016 C.C.R.A.S 450.00 1 SGTU 14293 610 D10L FA4651 30/03/2016 13/01/2016 Books